[Event "Moscow-Open 2021_A"]
[Site "Moscow"]
[Date "2021.02.22"]
[Round "3.42"]
[White "Kuznetsov, Ivan V"]
[Black "Gotsiuk, Denis"]
[Result "0-1"]
[WhiteElo "1831"]
[BlackElo "2102"]
[PlyCount "110"]
[EventDate "2021.02.20"]

1. e4 c6 2. d4 d5 3. e5 c5 4. dxc5 e6 5. Nf3 Bxc5 6. Bd3 Ne7 7. O-O Nbc6 8. a3
Ng6 9. b4 Bb6 10. Bb2 Nf4 11. Qd2 Nxd3 12. Qxd3 Bd7 13. Nbd2 O-O 14. c4 dxc4
15. Nxc4 Ne7 16. Nxb6 axb6 17. Rfd1 Ba4 18. Qxd8 Rfxd8 19. Rxd8+ Rxd8 20. Bd4
Nd5 21. Rc1 Bc6 22. h3 h6 23. Kh2 Rd7 24. Rb1 b5 25. Bc5 Nc3 26. Rb3 Na4 27.
Bd6 Bxf3 28. Rxf3 Nb6 29. Rc3 Nc4 30. f4 f6 31. Kg3 Kf7 32. Kf3 Rd8 33. a4 Nxd6
34. Rc7+ Kg6 35. exd6 bxa4 36. Rxb7 Rxd6 37. Ra7 Rd3+ 38. Ke4 Rg3 39. Rxa4 Rxg2
40. Ra6 Rh2 41. Rxe6 Rxh3 42. Re7 h5 43. b5 Rb3 44. f5+ Kh6 45. Rb7 h4 46. Kf4
h3 47. Rb8 Kh7 48. Rd8 Rb4+ 49. Kg3 Rxb5 50. Kf4 h2 51. Rd1 Rb3 52. Kg4 Kh6 53.
Rd8 Rb4+ 54. Kg3 Kg5 55. Kxh2 Kxf5 0-1

[Event "Moscow-Open 2021_A"]
[Site "Moscow"]
[Date "2021.02.22"]
[Round "3.43"]
[White "Teiitbaev, Aktilek"]
[Black "Kasintsov, Gleb"]
[Result "1-0"]
[WhiteElo "2100"]
[BlackElo "1658"]
[PlyCount "53"]
[EventDate "2021.02.20"]

1. d4 Nf6 2. c4 c6 3. Nf3 g6 4. Nc3 d5 5. Bf4 Bg7 6. e3 O-O 7. Rc1 dxc4 8. Bxc4
b5 9. Bd3 a5 10. O-O Na6 11. Ne5 Bb7 12. a4 b4 13. Ne4 Qd5 14. Nc5 Nxc5 15.
Rxc5 Qe6 16. Bc4 Qc8 17. Qf3 e6 18. Rc1 Nd7 19. Nxd7 Qxd7 20. Bd3 e5 21. Bxe5
Bxe5 22. Rxe5 c5 23. Qf6 c4 24. Bxc4 Rac8 25. h4 Rce8 26. h5 Rxe5 27. h6 1-0

[Event "Moscow-Open 2021_A"]
[Site "Moscow"]
[Date "2021.02.22"]
[Round "3.44"]
[White "Popov, Maksim"]
[Black "Lunin, Aleksey"]
[Result "1-0"]
[WhiteElo "2062"]
[BlackElo "1513"]
[PlyCount "117"]
[EventDate "2021.02.20"]

1. b3 d6 2. Bb2 e5 3. g3 Nc6 4. Bg2 g6 5. e3 Bg7 6. Ne2 f5 7. d4 e4 8. a3 d5 9.
c4 Nf6 10. Nf4 Ne7 11. Nc3 c6 12. a4 O-O 13. Ba3 Rf7 14. Bf1 g5 15. Nh5 Nxh5
16. Qxh5 h6 17. Qd1 Be6 18. h4 g4 19. Ne2 Ng6 20. h5 Nf8 21. Nf4 Qd7 22. Rc1
Nh7 23. Be2 Ng5 24. Kf1 a6 25. Kg2 Kh7 26. Qd2 Rc8 27. Rc2 Nh3 28. Ng6 Qd8 29.
Kf1 Rd7 30. Qb4 Qg5 31. Qb6 Re8 32. Rxh3 gxh3 33. Nf4 Qf6 34. Nxh3 Bf8 35. Bxf8
Qxf8 36. Nf4 Bf7 37. cxd5 Bxd5 38. Bc4 Qf7 39. Bxd5 cxd5 40. Rc5 Red8 41. Qa5
Rd6 42. Qc3 b6 43. Rc7 R6d7 44. Rc6 Rd6 45. b4 R8d7 46. Rc8 Rd8 47. Rxd8 Rxd8
48. Qc6 b5 49. a5 Rd7 50. Qxa6 Rb7 51. Qc6 Rc7 52. Qxb5 Rc4 53. Qb6 Qc7 54.
Qg6+ Kh8 55. Qxh6+ Kg8 56. Qg6+ Qg7 57. Qxf5 Rxb4 58. Qxd5+ Kh8 59. Qxe4 1-0

[Event "Moscow-Open 2021_A"]
[Site "Moscow"]
[Date "2021.02.22"]
[Round "3.45"]
[White "Boktaev, Adyan"]
[Black "Tarasenko, Iaroslav"]
[Result "1-0"]
[WhiteElo "1808"]
[BlackElo "2060"]
[PlyCount "91"]
[EventDate "2021.02.20"]

1. d4 Nf6 2. c4 g6 3. Nc3 Bg7 4. e4 d6 5. Nf3 O-O 6. h3 e5 7. d5 Nh5 8. g3 f5
9. exf5 gxf5 10. Bg5 Qe8 11. Qd2 f4 12. g4 e4 13. O-O-O exf3 14. gxh5 Qxh5 15.
Rg1 Bf5 16. Bxf4 Nd7 17. Bh6 Bg6 18. Bxg7 Kxg7 19. Bd3 Ne5 20. Bxg6 hxg6 21. b3
Qf5 22. Nb5 Qd7 23. Nd4 Rf6 24. h4 Rh8 25. Qg5 Kf7 26. Ne6 Rxe6 27. dxe6+ Qxe6
28. Qe3 b6 29. Rd4 Rh5 30. Rg5 Rxg5 31. hxg5 Qf5 32. Kb2 Kg7 33. Ka3 Nf7 34.
Rf4 Qa5+ 35. Kb2 Ne5 36. Rd4 Nf7 37. Rd5 c5 38. Qxf3 Qe1 39. Qc3+ Qxc3+ 40.
Kxc3 a5 41. f4 Kf8 42. Rd1 Ke7 43. Re1+ Kd7 44. Kd3 Nd8 45. Rh1 Ne6 46. Ke4 1-0

[Event "Moscow-Open 2021_A"]
[Site "Moscow"]
[Date "2021.02.22"]
[Round "3.46"]
[White "Zhuk, Kirill"]
[Black "Urivskiy, Arseniy A"]
[Result "1/2-1/2"]
[WhiteElo "2054"]
[BlackElo "1422"]
[PlyCount "109"]
[EventDate "2021.02.20"]

1. e4 c5 2. Nf3 d6 3. Bb5+ Bd7 4. Bxd7+ Qxd7 5. O-O Nc6 6. Re1 Nf6 7. c3 g6 8.
d4 Bg7 9. Nbd2 O-O 10. d5 Nd8 11. a4 e5 12. Nc4 Rb8 13. Qb3 Ne8 14. Qb5 Qe7 15.
Bg5 f6 16. Bh4 g5 17. Bg3 f5 18. exf5 Rxf5 19. Nfd2 h5 20. h3 h4 21. Bh2 Rf6
22. Ne3 Rg6 23. Qd3 Qf7 24. Ne4 Bf8 25. Ng4 Ng7 26. Nxg5 Qf5 27. Qxf5 Nxf5 28.
Ne4 Be7 29. Ne3 Nxe3 30. fxe3 Nf7 31. Rf1 Ng5 32. Nxg5 Bxg5 33. e4 Rf8 34.
Rxf8+ Kxf8 35. Rf1+ Ke7 36. b3 Bd2 37. Rf3 Rf6 38. Rxf6 Kxf6 39. c4 Kg5 40. Kf2
Bf4 41. Bg1 a5 42. Kf3 Kh5 43. Be3 Bg3 44. Bf2 Bf4 45. Be3 Bg3 46. Bd2 b6 47.
Ke2 Kg6 48. Kf3 Kh5 49. Bc1 Be1 50. g4+ hxg3 51. Kg2 Bc3 52. Kxg3 Be1+ 53. Kf3
Bh4 54. Bd2 Bd8 55. Be1 1/2-1/2

[Event "Moscow-Open 2021_A"]
[Site "Moscow"]
[Date "2021.02.22"]
[Round "3.47"]
[White "Gukhman, Sergey"]
[Black "Zhukov, Ivan"]
[Result "1/2-1/2"]
[WhiteElo "1667"]
[BlackElo "2050"]
[PlyCount "72"]
[EventDate "2021.02.20"]

1. Nf3 Nf6 2. g3 g6 3. Bg2 Bg7 4. O-O d6 5. d4 O-O 6. c4 Nc6 7. Nc3 a6 8. b3
Rb8 9. Nd5 Bg4 10. Bb2 b5 11. Nxf6+ Bxf6 12. Rc1 b4 13. h3 Bd7 14. e4 Bg7 15.
e5 a5 16. Qe2 a4 17. d5 Na5 18. e6 fxe6 19. Bxg7 Kxg7 20. dxe6 Bc6 21. Qd2 Rf6
22. Ng5 Bxg2 23. Kxg2 Kg8 24. Nf7 Qf8 25. c5 Rxe6 26. Ng5 Re5 27. f4 Rf5 28.
Qe2 Qf6 29. cxd6 cxd6 30. bxa4 h6 31. Nf3 b3 32. axb3 Rxb3 33. Qe4 Ra3 34. Rc8+
Kf7 35. Rf2 Kg7 36. Rc4 Re3 1/2-1/2

[Event "Moscow-Open 2021_A"]
[Site "Moscow"]
[Date "2021.02.22"]
[Round "3.48"]
[White "Zulpikarov, Ruslan"]
[Black "Lupolov, Boris"]
[Result "1/2-1/2"]
[WhiteElo "1647"]
[BlackElo "2045"]
[PlyCount "98"]
[EventDate "2021.02.20"]

1. e4 c6 2. d4 d5 3. exd5 cxd5 4. Nf3 Nc6 5. c3 Nf6 6. Bd3 Bg4 7. Bf4 e6 8. Qb3
Qc8 9. Nbd2 Be7 10. Ne5 Nxe5 11. dxe5 Nd7 12. Qc2 Bh5 13. Bg3 Bg6 14. O-O O-O
15. Bxg6 hxg6 16. f4 b5 17. Rf3 Qb7 18. Bf2 Rac8 19. h4 Rc7 20. Rh3 b4 21. Bd4
Rfc8 22. Rf1 Bc5 23. Qd1 bxc3 24. bxc3 Bxd4+ 25. cxd4 Qb2 26. Nb3 Rc3 27. Rxc3
Rxc3 28. Rf2 Qa3 29. h5 a5 30. hxg6 fxg6 31. Rc2 Rc4 32. Qc1 Qb4 33. Qd2 Qxd2
34. Rxd2 a4 35. Na5 Rb4 36. Kf2 Rb5 37. Nc6 Nb6 38. Rc2 Nc4 39. Ne7+ Kf7 40.
Nc8 Rb4 41. a3 Nxa3 42. Nd6+ Ke7 43. Rc7+ Kd8 44. Rxg7 Rxd4 45. Rxg6 Kd7 46.
Rg7+ Kc6 47. Rf7 Rd2+ 48. Kg3 Kc5 49. Rf8 Nc2 1/2-1/2

[Event "Moscow-Open 2021_A"]
[Site "Moscow"]
[Date "2021.02.22"]
[Round "3.49"]
[White "Rogov, Ivan"]
[Black "Oliinyk, Serafim"]
[Result "1-0"]
[WhiteElo "1633"]
[BlackElo "2035"]
[PlyCount "103"]
[EventDate "2021.02.20"]

1. e4 e5 2. Nf3 Nc6 3. Bb5 f5 4. d3 fxe4 5. dxe4 Nf6 6. Nc3 Bb4 7. Bg5 d6 8.
O-O Bxc3 9. bxc3 Bd7 10. Nh4 O-O 11. Bc4+ Kh8 12. Qe1 Qe8 13. Bd3 Qh5 14. Bxf6
Rxf6 15. Nf5 Bxf5 16. exf5 Ne7 17. Kh1 Nxf5 18. Qe4 Rh6 19. h3 Rf8 20. Qxb7 Nh4
21. Rab1 Qg5 22. Be4 Qd8 23. c4 Rhf6 24. Qxa7 Rf4 25. Bd5 e4 26. Rb3 Qc8 27.
Qe3 Qf5 28. a4 Re8 29. Rfb1 Rxf2 30. Rb8 Rf1+ 31. Kh2 Qe5+ 32. Qg3 Rxb1 33.
Rxb1 Qe7 34. a5 e3 35. Bc6 Rf8 36. a6 Nf5 37. Qf4 e2 38. a7 e1=Q 39. Rxe1 Qxe1
40. Qxf5 Rg8 41. Be4 Qh4 42. a8=Q Rxa8 43. Bxa8 Qd8 44. Be4 g6 45. Qf7 d5 46.
Qxd5 Qf6 47. c5 Qf4+ 48. g3 Qf2+ 49. Bg2 Qxc2 50. Qd8+ Kg7 51. Qxc7+ Kh6 52. c6
1-0

[Event "Moscow-Open 2021_A"]
[Site "Moscow"]
[Date "2021.02.22"]
[Round "3.50"]
[White "Dudarev, Vladislav"]
[Black "Basiev, Georgiy"]
[Result "*"]
[WhiteElo "2031"]
[BlackElo "1448"]
[PlyCount "79"]
[EventDate "2021.02.20"]

1. c4 Nf6 2. Nc3 g6 3. e4 d6 4. d4 Bg7 5. Be2 O-O 6. Bg5 e5 7. dxe5 dxe5 8.
Qxd8 Rxd8 9. Nd5 Nbd7 10. Rd1 Rf8 11. Nxc7 Rb8 12. f3 h6 13. Be3 b6 14. Nh3 g5
15. Nf2 Bb7 16. g4 Kh7 17. h4 Kg6 18. Nd5 Bxd5 19. exd5 e4 20. Nxe4 Nxe4 21.
Bd3 Rfe8 22. Bxe4+ f5 23. Bxf5+ Kf6 24. Kf2 Ne5 25. hxg5+ hxg5 26. Bd4 Kf7 27.
Rh7 Kf8 28. Rxg7 Kxg7 29. Re1 Kf6 30. Be6 Kg6 31. Bxe5 Ra8 32. Rh1 Rad8 33.
Bf5+ Kf7 34. Rh7+ Kg8 35. Rg7+ Kf8 36. Be6 a6 37. Rf7+ Kg8 38. Rd7+ Rxe6 39.
Rxd8+ Kf7 40. dxe6+ *

[Event "Moscow-Open 2021_A"]
[Site "Moscow"]
[Date "2021.02.22"]
[Round "3.51"]
[White "Cherniaev, Danil"]
[Black "Shoshin, Kirill"]
[Result "0-1"]
[WhiteElo "1583"]
[BlackElo "2030"]
[PlyCount "76"]
[EventDate "2021.02.20"]

1. d4 Nf6 2. c4 e6 3. Nc3 Bb4 4. Qc2 O-O 5. a3 Bxc3+ 6. Qxc3 b6 7. Nf3 Bb7 8.
e3 d6 9. Be2 Nbd7 10. O-O Ne4 11. Qc2 f5 12. b4 Rf6 13. Bb2 Rg6 14. d5 exd5 15.
cxd5 Bxd5 16. Bc4 Bxc4 17. Qxc4+ Kh8 18. Qc6 Ne5 19. Nxe5 dxe5 20. Qc2 Nd2 21.
Qxf5 Rg5 22. Qc2 Nxf1 23. Rxf1 Qd5 24. f4 exf4 25. exf4 Rg6 26. f5 Rc6 27. Qe2
Rf8 28. b5 Rd6 29. a4 Qf7 30. Qg4 Rd2 31. f6 g6 32. Ba1 Re8 33. Kh1 h5 34. Qf4
Ree2 35. Qh6+ Kg8 36. Rg1 Rxg2 37. Rc1 Rxh2+ 38. Kg1 Rdg2+ 0-1

[Event "Moscow-Open 2021_A"]
[Site "Moscow"]
[Date "2021.02.22"]
[Round "3.52"]
[White "Plyasunov, Daniil"]
[Black "Fedosov, Alexander"]
[Result "1-0"]
[WhiteElo "2025"]
[BlackElo "1369"]
[PlyCount "75"]
[EventDate "2021.02.20"]

1. e4 c6 2. d4 d5 3. exd5 cxd5 4. Bd3 Nc6 5. c3 Nf6 6. h3 g6 7. Nf3 Bf5 8. O-O
e6 9. Re1 Be7 10. Bf1 a6 11. Bf4 Bxb1 12. Rxb1 Bd6 13. Ne5 Bxe5 14. dxe5 Ne4
15. Bd3 Nc5 16. Bc2 Rc8 17. Qd2 Nd7 18. Rbd1 Qc7 19. Kh1 Na5 20. Bd3 Nc5 21.
Bh6 Nxd3 22. Qxd3 Nc4 23. Qe2 Qb6 24. b3 Na5 25. Qf3 Qc7 26. Qf6 Rg8 27. Rxd5
Nc6 28. Rd3 Ne7 29. Bg5 h6 30. Bxh6 Rd8 31. Rxd8+ Qxd8 32. Bg5 Qd7 33. Qf3 Qd5
34. Rd1 Qc6 35. Qd3 Qc7 36. c4 Nc6 37. Bf6 Ne7 38. Qd6 1-0

[Event "Moscow-Open 2021_A"]
[Site "Moscow"]
[Date "2021.02.22"]
[Round "3.53"]
[White "Bogaudinov, Rushan"]
[Black "Zadorozhy, Egor"]
[Result "1/2-1/2"]
[WhiteElo "2016"]
[BlackElo "1156"]
[PlyCount "104"]
[EventDate "2021.02.20"]

1. d4 Nf6 2. Nf3 g6 3. g3 Bg7 4. Bg2 d6 5. O-O O-O 6. c4 c5 7. Nc3 Nbd7 8. b3
Nb6 9. Bb2 Bg4 10. dxc5 dxc5 11. Ne5 Qxd1 12. Raxd1 Rab8 13. Nxg4 Nxg4 14. h3
Ne5 15. Ba1 Nc6 16. e3 f5 17. Nb5 a6 18. Bxc6 axb5 19. Bxb5 Bxa1 20. Rxa1 Rfd8
21. Rfd1 Kf7 22. Kf1 e6 23. Ke2 Ke7 24. a3 Ra8 25. Rxd8 Kxd8 26. Kd3 Ke7 27.
Kc3 Nc8 28. f3 Nd6 29. a4 Nf7 30. Rd1 Rd8 31. Rxd8 Kxd8 32. b4 cxb4+ 33. Kxb4
Ng5 34. f4 Ne4 35. c5 Kc7 36. Bd3 Nxg3 37. Kc4 Nh1 38. Kd4 Nf2 39. Bc4 Nxh3 40.
Bxe6 Nf2 41. Bf7 b6 42. Be8 Ne4 43. cxb6+ Kxb6 44. Ke5 Ka5 45. Ke6 Nc3 46. Kf6
Nd5+ 47. Kg7 Nxe3 48. Bc6 Nc2 49. Kxh7 Nd4 50. Kxg6 Nxc6 51. Kxf5 Kxa4 52. Ke6
Kb5 1/2-1/2

[Event "Moscow-Open 2021_A"]
[Site "Moscow"]
[Date "2021.02.22"]
[Round "3.54"]
[White "Maimin, Leonid"]
[Black "Petrovsky, Nikita"]
[Result "0-1"]
[WhiteElo "1415"]
[BlackElo "2006"]
[PlyCount "66"]
[EventDate "2021.02.20"]

1. e4 c5 2. Nf3 Nc6 3. d4 cxd4 4. Nxd4 g6 5. Nc3 Bg7 6. Be3 Nf6 7. Nxc6 bxc6 8.
e5 Ng8 9. Bd4 Qc7 10. f4 Nh6 11. e6 O-O 12. Bxg7 Kxg7 13. Qd4+ f6 14. exd7 Bxd7
15. O-O-O Bg4 16. Be2 Bxe2 17. Nxe2 Qa5 18. Qc4 Nf5 19. Qe6 Kh8 20. Kb1 Rab8
21. Nd4 Nxd4 22. Rxd4 Qb6 23. b3 Qxd4 24. Qxe7 Rfe8 25. Qc7 c5 26. h4 c4 27. h5
cxb3 28. axb3 Qe4 29. Kb2 Rec8 30. Qf7 Qxc2+ 31. Ka3 Rxb3+ 32. Qxb3 Rc3 33. Rh3
Qxb3# 0-1

[Event "Moscow-Open 2021_A"]
[Site "Moscow"]
[Date "2021.02.22"]
[Round "3.55"]
[White "Agkatsev, Felix A"]
[Black "Israfilov, Ali"]
[Result "0-1"]
[WhiteElo "1338"]
[BlackElo "1981"]
[PlyCount "142"]
[EventDate "2021.02.20"]

1. d4 Nf6 2. c4 g6 3. Nc3 Bg7 4. e4 d6 5. f3 O-O 6. Be3 a6 7. Qd2 c5 8. dxc5
dxc5 9. Qxd8 Rxd8 10. Bxc5 Nc6 11. Nge2 Nd7 12. Be3 Nde5 13. Nf4 b5 14. cxb5
axb5 15. Bxb5 Ba6 16. Bxa6 Rxa6 17. O-O Nc4 18. Bc1 Rb8 19. Nd3 N6e5 20. Nc5
Raa8 21. f4 Nc6 22. e5 f6 23. b3 N4a5 24. exf6 Bxf6 25. N5e4 Bd4+ 26. Kh1 Nxb3
27. Rb1 Nxc1 28. Rbxc1 Rb2 29. Rb1 Rc2 30. Rbc1 Rxc1 31. Rxc1 Be3 32. Rf1 Ra3
33. f5 Bd4 34. Nb5 Rxa2 35. Nxd4 Nxd4 36. fxg6 hxg6 37. h3 Nf5 38. g4 Nd4 39.
Rf2 Ra3 40. Kg2 e5 41. Rb2 Ne6 42. Rb8+ Kf7 43. Rb7+ Kf8 44. Nf2 Nf4+ 45. Kh2
Rf3 46. Kg1 Re3 47. h4 Rg3+ 48. Kf1 Rf3 49. Ke1 e4 50. Nd1 Rg3 51. h5 g5 52. h6
e3 53. Nxe3 Rxe3+ 54. Kf2 Rh3 55. h7 Nd3+ 56. Kg2 Rh4 57. Rb5 Nf4+ 58. Kf3 Ne6
59. Rb7 Nd8 60. Rb5 Nf7 61. Ra5 Kg7 62. Ra7 Rxh7 63. Ke4 Rh1 64. Kf5 Rf1+ 65.
Ke6 Kg6 66. Ra8 Rf6+ 67. Ke7 Nh6 68. Ra4 Rf4 69. Ra6+ Kg7 70. Ra5 Rxg4 71. Ke6
Kg6 0-1

[Event "Moscow-Open 2021_A"]
[Site "Moscow"]
[Date "2021.02.22"]
[Round "3.56"]
[White "Isaev, Magomed"]
[Black "Khripachenko, Alexander"]
[Result "1/2-1/2"]
[WhiteElo "2196"]
[BlackElo "1825"]
[PlyCount "98"]
[EventDate "2021.02.20"]

1. d4 Nf6 2. Nf3 g6 3. Bf4 Bg7 4. e3 d6 5. c3 O-O 6. h3 Nbd7 7. Be2 b6 8. O-O
Bb7 9. Nbd2 Qe8 10. Bg5 e5 11. Bb5 a6 12. Bxf6 Bxf6 13. dxe5 dxe5 14. Bxd7 Qxd7
15. Ne4 Qf5 16. Ng3 Qe6 17. e4 Be7 18. Qb3 Qf6 19. Qc4 Bd6 20. b4 a5 21. a4
axb4 22. cxb4 Ba6 23. b5 Bc8 24. Qc3 Qe7 25. Nd2 Bb4 26. Qc2 Qc5 27. Rfc1 Be6
28. Ne2 Qxc2 29. Rxc2 Rfd8 30. Nc4 f6 31. Ne3 Rd2 32. Rxd2 Bxd2 33. Nd5 Bxd5
34. exd5 Rd8 35. Rd1 Bb4 36. g4 Ra8 37. Rc1 Bc5 38. Rc4 Kf7 39. Ng3 Ra7 40. Ne4
Be7 41. Rc6 Rxa4 42. d6 cxd6 43. Nxd6+ Bxd6 44. Rxd6 h5 45. gxh5 gxh5 46. Rxb6
Rb4 47. Rb8 Kg6 48. b6 Kf5 49. b7 Kf4 1/2-1/2

[Event "Moscow-Open 2021_A"]
[Site "Moscow"]
[Date "2021.02.22"]
[Round "3.57"]
[White "Komissarov, Alexey"]
[Black "Averin, Nikolay"]
[Result "1/2-1/2"]
[WhiteElo "2127"]
[BlackElo "1818"]
[PlyCount "88"]
[EventDate "2021.02.20"]

1. d4 d5 2. Bf4 Nf6 3. e3 c5 4. c3 Nc6 5. Nd2 Bf5 6. Ngf3 e6 7. Qa4 Qb6 8. Bb5
a6 9. Bxc6+ Qxc6 10. Qxc6+ bxc6 11. dxc5 Bxc5 12. Nb3 Nd7 13. Nfd4 Bxd4 14.
cxd4 Ke7 15. Rc1 Rhc8 16. Ke2 f6 17. Rc3 a5 18. Rhc1 Ra6 19. Nc5 Nxc5 20. Rxc5
Kd7 21. R1c3 g5 22. Bg3 Bg6 23. Rb3 Ra7 24. a4 Kd8 25. f3 Be8 26. Be1 Rca8 27.
Rb6 Bd7 28. h4 h6 29. Bg3 Be8 30. Rc1 Ra6 31. Rb3 c5 32. Rxc5 Bxa4 33. Rb7 R6a7
34. Bc7+ Kd7 35. Rxa7 Rxa7 36. Bxa5 Bb3 37. hxg5 hxg5 38. Kd2 Rb7 39. Rc1 Bc4
40. Bc3 Ke8 41. Rh1 Kf8 42. Rh8+ Kg7 43. Rc8 Ra7 44. Bb4 Ra1 1/2-1/2

[Event "Moscow-Open 2021_A"]
[Site "Moscow"]
[Date "2021.02.22"]
[Round "3.58"]
[White "Sabirov, Timur"]
[Black "Bratov, Ademir"]
[Result "1/2-1/2"]
[WhiteElo "2048"]
[BlackElo "1813"]
[PlyCount "136"]
[EventDate "2021.02.20"]

1. d4 Nf6 2. c4 e6 3. Nc3 d5 4. cxd5 exd5 5. Bg5 Be7 6. e3 c6 7. Bd3 O-O 8.
Nge2 Nbd7 9. Qc2 b6 10. f3 h6 11. Bh4 Bb7 12. Bf2 c5 13. Qd2 c4 14. Bc2 Re8 15.
g4 Nf8 16. Ng3 Ne6 17. Kf1 a6 18. h4 b5 19. Nf5 Bf8 20. Rg1 g6 21. Nxh6+ Bxh6
22. g5 Bg7 23. gxf6 Qxf6 24. f4 b4 25. Ne2 a5 26. Kg2 Ba6 27. Rae1 Rac8 28. Bg3
c3 29. bxc3 Bxe2 30. Rxe2 Rxc3 31. Rf1 Qe7 32. Rff2 Rec8 33. Bd3 f5 34. h5 Qf7
35. Re1 gxh5 36. Rh1 a4 37. Be2 Nf8 38. Bxh5 Qe6 39. Bf3 Nd7 40. Qb2 b3 41.
axb3 Rxb3 42. Qa2 Nb6 43. Re2 Rcc3 44. Bf2 Ra3 45. Qb1 Rab3 46. Rb2 Qg6+ 47.
Kf1 Qe6 48. Rxb3 Rxb3 49. Qc2 Nc4 50. Rh5 Rxe3 51. Be2 Qe4 52. Qxe4 Rxe4 53.
Rxf5 Nd2+ 54. Ke1 Nf3+ 55. Kd1 Nxd4 56. Bxd4 Rxd4+ 57. Kc2 a3 58. Rxd5 Rxf4 59.
Kb3 Bb2 60. Rd2 Kg7 61. Bd1 Kf6 62. Bc2 Ke5 63. Bd1 Ke4 64. Ka2 Ke3 65. Rd7 Rf1
66. Bc2 Rf2 67. Bb1 Bc1+ 68. Ka1 Bb2+ 1/2-1/2

[Event "Moscow-Open 2021_A"]
[Site "Moscow"]
[Date "2021.02.22"]
[Round "3.59"]
[White "Kirushin, Ivan"]
[Black "Chertkov, Maksim"]
[Result "1-0"]
[WhiteElo "1765"]
[BlackElo "1972"]
[PlyCount "99"]
[EventDate "2021.02.20"]

1. e4 e5 2. g3 Nf6 3. Bg2 d5 4. exd5 Bg4 5. Ne2 Nxd5 6. d4 Nc6 7. dxe5 Ndb4 8.
Qxd8+ Rxd8 9. Bxc6+ bxc6 10. Na3 Bf3 11. Rg1 Be7 12. Be3 Rd5 13. Nd4 Be4 14.
O-O-O Rxe5 15. Bf4 Ra5 16. Bxc7 Nxa2+ 17. Kb1 Rxa3 18. Rde1 Ra4 19. Rxe4 Kd7
20. Rd1 Nb4 21. Nf5+ Kxc7 22. Rxe7+ Kb6 23. Ne3 Rf8 24. b3 Ra6 25. c3 Nd5 26.
Nxd5+ cxd5 27. Rxd5 Kc6 28. Rdd7 Rb8 29. Rxa7 Rxb3+ 30. Kc2 Rab6 31. Rxf7 Rb2+
32. Kd3 Rb8 33. Rxg7 Rxf2 34. Rxh7 Rbf8 35. Rag7 R8f5 36. Rg6+ Kd5 37. c4+ Kc5
38. Rc7+ Kb4 39. Rb6+ Ka5 40. Rb5+ Rxb5 41. cxb5 Kxb5 42. Ke4 Rxh2 43. Kf4 Kb6
44. Rc1 Rf2+ 45. Kg5 Ra2 46. g4 Kb5 47. Kh6 Ra8 48. g5 Rg8 49. g6 Rc8 50. Rxc8
1-0

[Event "Moscow-Open 2021_A"]
[Site "Moscow"]
[Date "2021.02.22"]
[Round "3.60"]
[White "Shaymardanov, Bakhtiyar"]
[Black "Borisov, Yury"]
[Result "1-0"]
[WhiteElo "1702"]
[BlackElo "1972"]
[PlyCount "91"]
[EventDate "2021.02.20"]

1. d4 Nf6 2. c4 g6 3. Nc3 d5 4. cxd5 Nxd5 5. e4 Nxc3 6. bxc3 Bg7 7. Bg5 c5 8.
Rc1 cxd4 9. cxd4 O-O 10. d5 h6 11. Be3 Bd7 12. Qd2 Kh7 13. Bd3 b6 14. Nf3 e5
15. O-O f5 16. Qc2 fxe4 17. Bxe4 Bf5 18. Rfd1 Nd7 19. Nd2 Rc8 20. Qd3 a5 21.
Rc6 Rxc6 22. dxc6 Nc5 23. Bxc5 bxc5 24. Bxf5 gxf5 25. Qxd8 Rxd8 26. Rc1 Bf8 27.
Nc4 Rc8 28. Nxa5 Bd6 29. Rd1 Bc7 30. Rd7+ Kg6 31. Nc4 Rd8 32. Nxe5+ Kf6 33.
Rxd8 Bxd8 34. Nd7+ Ke6 35. Nxc5+ Kd5 36. Nb3 Bb6 37. Kf1 Kxc6 38. Ke2 Kb5 39.
f3 Kb4 40. Kd3 Ka3 41. Nd4 f4 42. Ne6 Kxa2 43. Nxf4 Kb3 44. Ke4 Kc4 45. Ne6 Ba5
46. f4 1-0

[Event "Moscow-Open 2021_A"]
[Site "Moscow"]
[Date "2021.02.22"]
[Round "3.61"]
[White "Bachaliashvili, Eduard"]
[Black "Voronin, Nikita"]
[Result "1-0"]
[WhiteElo "1949"]
[BlackElo "1732"]
[PlyCount "51"]
[EventDate "2021.02.20"]

1. e4 c5 2. Nf3 e6 3. d4 cxd4 4. Nxd4 a6 5. Nc3 Qc7 6. a3 Nf6 7. Be3 b5 8. f3
Bb7 9. Qd2 Be7 10. Be2 O-O 11. g4 d6 12. h4 d5 13. e5 Nfd7 14. f4 Nc6 15. g5
Nxd4 16. Bxd4 f6 17. gxf6 gxf6 18. O-O-O fxe5 19. fxe5 Nxe5 20. Qh6 Bf6 21.
Rhg1+ Kh8 22. Rdf1 Bg7 23. Rxf8+ Bxf8 24. Qxe6 Bh6+ 25. Qxh6 Qe7 26. Rg5 1-0

[Event "Moscow-Open 2021_A"]
[Site "Moscow"]
[Date "2021.02.22"]
[Round "3.62"]
[White "Akhmedov, David"]
[Black "Zhugin, Nikolay"]
[Result "0-1"]
[WhiteElo "1866"]
[BlackElo "1646"]
[PlyCount "95"]
[EventDate "2021.02.20"]

1. e4 c5 2. Nf3 Nc6 3. g3 Nf6 4. d3 e6 5. Bg2 d5 6. Nbd2 Be7 7. O-O b6 8. Re1
Bb7 9. a3 h6 10. exd5 Nxd5 11. c3 Qc7 12. Nc4 O-O 13. a4 a6 14. Na3 Rfd8 15.
Qc2 Qd7 16. Rd1 Rac8 17. Bd2 Bf6 18. h4 Nce7 19. Nh2 Nf5 20. Ng4 Bxh4 21. gxh4
Nxh4 22. f3 Qc7 23. Nh2 Qe5 24. Re1 Qg3 25. Re2 Ng6 26. Rf1 Ngf4 27. Bxf4 Nxf4
28. Rd2 h5 29. Rfd1 h4 30. Nf1 Qg5 31. Kh2 Nxg2 32. Rxg2 Qf4+ 33. Kg1 Bxf3 34.
Qf2 e5 35. Rd2 Rc6 36. Ne3 h3 37. Rh2 Rg6+ 38. Kf1 Bg2+ 39. Kg1 Bc6+ 40. Kf1
Qg5 41. Nf5 Rf6 42. Ne7+ Kf8 43. Nxc6 Qxd2 44. Qxf6 Qc1+ 45. Kf2 gxf6 46. Nxd8
Qf4+ 47. Kg1 Qg3+ 48. Kh1 0-1

[Event "Moscow-Open 2021_A"]
[Site "Moscow"]
[Date "2021.02.22"]
[Round "3.63"]
[White "Tandelov, Arseny"]
[Black "Ekimov, Pavel"]
[Result "1-0"]
[WhiteElo "1657"]
[BlackElo "1853"]
[PlyCount "143"]
[EventDate "2021.02.20"]

1. d4 d5 2. Nf3 Nf6 3. Bf4 c5 4. e3 Qb6 5. Nc3 c4 6. Rb1 Bf5 7. Nh4 Bg6 8. Nxg6
hxg6 9. e4 Nxe4 10. Nxd5 Qa5+ 11. Nc3 Nxc3 12. bxc3 Qxc3+ 13. Qd2 Qxd2+ 14.
Kxd2 b6 15. Bxc4 Nd7 16. Ba6 e5 17. dxe5 Be7 18. e6 Nc5 19. exf7+ Kxf7 20. Bc4+
Kf6 21. Rhe1 Rad8+ 22. Kc1 Bd6 23. Bxd6 Rxd6 24. h3 Rh4 25. Bf1 Rhd4 26. f3 Kf5
27. a3 a5 28. g3 Kf6 29. Bb5 Rd2 30. Be2 R2d4 31. Rd1 Ne6 32. Kb2 Nc5 33. Rxd4
Rxd4 34. Rd1 Ke5 35. c3 Rxd1 36. Bxd1 Nd3+ 37. Kb3 Nf2 38. Bc2 Nxh3 39. Bxg6
Kd5 40. a4 Ng5 41. f4 Nf3 42. Bh5 Nd2+ 43. Kc2 Nf1 44. Bf3+ Kc5 45. g4 Ne3+ 46.
Kb3 Nc4 47. Be2 Ne3 48. g5 Kd5 49. Bd3 Ke6 50. Be4 Kd6 51. c4 Kc5 52. f5 Nxc4
53. f6 gxf6 54. g6 Nd2+ 55. Kc2 Nxe4 56. g7 Nd6 57. g8=Q f5 58. Qg1+ Kc6 59.
Qg2+ Kc5 60. Qf2+ Kc6 61. Qf3+ Kc5 62. Qc3+ Kd5 63. Kd3 Ne4 64. Qb3+ Kc5 65.
Qb5+ Kd6 66. Qxb6+ Kd5 67. Qxa5+ Nc5+ 68. Ke3 Kc6 69. Qb5+ Kd6 70. a5 Ne6 71.
Qb6+ Kd7 72. Qxe6+ 1-0

[Event "Moscow-Open 2021_A"]
[Site "Moscow"]
[Date "2021.02.22"]
[Round "3.64"]
[White "Rakitin, Daniil"]
[Black "Makarenko, Kirill"]
[Result "*"]
[WhiteElo "1851"]
[BlackElo "1507"]
[PlyCount "103"]
[EventDate "2021.02.20"]

1. d4 Nf6 2. c4 g6 3. Nf3 d6 4. Nc3 Bf5 5. Nh4 Bd7 6. g3 c6 7. Bg2 Bg7 8. O-O
e5 9. dxe5 dxe5 10. Qc2 Be6 11. Bg5 Qc7 12. Nf3 h6 13. Bxf6 Bxf6 14. Rfd1 Be7
15. Rd2 O-O 16. Rad1 f5 17. a3 a5 18. Na4 Nd7 19. c5 Nf6 20. Nb6 Rae8 21. b4
axb4 22. axb4 Nd5 23. Nxd5 cxd5 24. Rxd5 Bxd5 25. Rxd5 Bf6 26. e4 Bg7 27. exf5
gxf5 28. Nh4 e4 29. Nxf5 Re5 30. Qc4 Qf7 31. Bxe4 Kh8 32. g4 Qe6 33. f3 Rxd5
34. Qxd5 Qf6 35. Nxg7 Qa1+ 36. Kg2 Qb2+ 37. Kg3 Qxg7 38. Qxb7 Qe5+ 39. Kh3 Qg7
40. Qxg7+ Kxg7 41. b5 Kf6 42. Bf5 Ke5 43. b6 Kd5 44. Kg3 Kxc5 45. b7 Kb6 46.
Bc8 Kc7 47. f4 Rf6 48. g5 Rg6 49. Kg4 hxg5 50. fxg5 Rg7 51. h4 Rh7 52. g6 *

[Event "Moscow-Open 2021_A"]
[Site "Moscow"]
[Date "2021.02.22"]
[Round "3.65"]
[White "Artemov, Maxim"]
[Black "Minakov, Artemij"]
[Result "1/2-1/2"]
[WhiteElo "1510"]
[BlackElo "1837"]
[PlyCount "91"]
[EventDate "2021.02.20"]

1. d4 Nf6 2. Nf3 e6 3. e3 c5 4. Bd3 Nc6 5. O-O Be7 6. b3 O-O 7. Bb2 b6 8. c4
cxd4 9. exd4 d5 10. Ne5 Bb7 11. Nxc6 Bxc6 12. Nc3 Qd7 13. Qc2 Rac8 14. Rad1
Rfd8 15. Rfe1 h6 16. Qe2 Qb7 17. cxd5 Nxd5 18. Nxd5 Rxd5 19. Ba6 Qa8 20. Bxc8
Qxc8 21. Qc4 Rg5 22. g3 b5 23. Qc2 Qa6 24. Rc1 Bb7 25. Re5 Bd6 26. Rxg5 hxg5
27. d5 Bxd5 28. Qc8+ Qxc8 29. Rxc8+ Kh7 30. Bd4 a5 31. Rd8 Ba3 32. Rb8 Bc6 33.
Rb6 Be8 34. Rb7 Bc6 35. Rb6 Be8 36. Bc3 a4 37. b4 Kg6 38. Kg2 Kf5 39. Kf3 g4+
40. Ke3 f6 41. Rb7 g5 42. Kd2 e5 43. Rb6 Bd7 44. Rb7 Bc6 45. Rb6 Bd7 46. Rb7
1/2-1/2